Bagaimana kita tahu : Tenaga wujud ?
| Main Author: | |
|---|---|
| Format: | Book |
| Published: |
Shah Alam :
Federal Publications ,
1998
|
| Series: | Bagaimana kita tahu
|
| Subjects: |
MARC
| LEADER | 00000cam a2200000 7i4500 | ||
|---|---|---|---|
| 001 | 0000025224 | ||
| 002 | 000027205 | ||
| 005 | 20020410.0 | ||
| 020 | |a 9835802432 | ||
| 090 | 0 | 0 | |a 500 |b BAG |
| 100 | 1 | |a Jennings, Terry | |
| 245 | 1 | 0 | |a Bagaimana kita tahu : |b Tenaga wujud ? |c Terry Jennings |
| 260 | |a Shah Alam : |b Federal Publications , |c 1998 | ||
| 300 | |a 45p. : |b ill. ; |c 28cm. | ||
| 490 | 0 | |a Bagaimana kita tahu | |
| 650 | 0 | 0 | |a Energy |x Juvenile literature |
| 999 | |a 075998 |b BUKU |c PINJAMAN |e PERPUSTAKAAN KOMUNITI PETALING JAYA | ||